Phân tích tài chính và tài trợ doanh nghiệp /

Gespeichert in:
Bibliographische Detailangaben
1. Verfasser: Phạm Việt Ho
Weitere Verfasser: Vũ Mạnh Thắng
Format: Sách giấy
Sprache:Vietnamese
Veröffentlicht: Hà Nội : Thống kê , 1995
Tags: Tag hinzufügen
Keine Tags, Fügen Sie den ersten Tag hinzu!
Thư viện lưu trữ: Thư viện Trường Đại học Đà Lạt
LEADER 00635nam a2200253 4500
001 DLU020016503
005 ##11/23/2000
020 # # |a 978- 
041 # # |a vie 
082 # # |a 657.3  |b PH-H 
100 # # |a Phạm Việt Hoà 
245 # # |a Phân tích tài chính và tài trợ doanh nghiệp /  |c Phạm Việt Hoà, Vũ Mạnh Thắng 
260 # # |a Hà Nội :  |b Thống kê ,  |c 1995 
300 # # |a 131 tr.;   |c 20 cm. 
700 # # |a Vũ Mạnh Thắng 
992 # # |a 9500 
994 # # |a DLU 
900 # # |a False 
911 # # |a Administrator 
925 # # |a G 
926 # # |a A 
927 # # |a SH 
980 # # |a Thư viện Trường Đại học Đà Lạt